000 00761nam a2200169 a 4500
008 110613s2010 ||||||||||||||||| || u
050 _aGOV.ZAM(058)BA/2010
100 _aMusokotwane, Situmbeko
245 1 0 _a2010 Budget address
_cBy the Minister of Finance and National Planning Hon. Dr Situmbeko Musokotwane, MP
260 _aLusaka
_bGovernment Printer
_c2010
300 _a26p.: ill
350 _a0.00
650 _aBUDGET PLANNING--ZAMBIA
710 _aGovernment of the Republic of Zambia. Ministry of Finance and National Planning
710 _aGovernment of the Republic of Zambia (GRZ)
995 _D0.00
_FCBU-MAIN LIBRARY (Kitwe)
_H1
_I0.00
_M1
_UAVAILABLE
_WJun 13, 2011
_ZZambiana Collection
999 _c33109
_d33109